000 00629nam a2200193 i 4500
001 74967
003 ES-MaACL
005 20230906172313.0
007 t|
008 040921s1979 xxu ||||1| spa d
100 1 _aGoth, Andrés.
_959280
245 1 0 _aFarmacología médica
_b: principios y conceptos /
_cAndrés Goth, Parkhurst Allan Shore ; revisión en castellano S. Erill Sáez.
250 _a[8ª ed.].
260 _aSaint Louis, etc. :
_bMosby,
_c1979.
300 _aIX, 742 p. :
_bil. ;
_c26 cm.
700 1 _aShore, Parkhurst Allan.
_9106152
700 1 _aErill, S.
_9147081
852 _aES-MaACL
_jC-21807
_bR.100061
999 _c74967
_d74967